Rubber coatings for roofing materials based on ethylene-propylene rubbers (Record no. 67523)

MARC details
000 -LEADER
fixed length control field 00620nam a2200217Ia 4500
100 ## - MAIN ENTRY--AUTHOR NAME
Personal name Khakimullin Yu N
245 #0 - TITLE STATEMENT
Title Rubber coatings for roofing materials based on ethylene-propylene rubbers
260 ## - PUBLICATION, DISTRIBUTION, ETC. (IMPRINT)
Name of publisher International Polymer Science and Technology
Year of publication 2002
300 ## - PHYSICAL DESCRIPTION
Number of Pages 41-44
650 ## - SUBJECT ADDED ENTRY--TOPICAL TERM
Topical Term Ethylene-propylene rubbers
650 ## - SUBJECT ADDED ENTRY--TOPICAL TERM
Topical Term Roofing material
650 ## - SUBJECT ADDED ENTRY--TOPICAL TERM
Topical Term Rubber coatings
700 ## - ADDED ENTRY--PERSONAL NAME
Personal name Ismagilova V Kh
700 ## - ADDED ENTRY--PERSONAL NAME
Personal name Khozin V G
700 ## - ADDED ENTRY--PERSONAL NAME
Personal name Kimelblat V I
700 ## - ADDED ENTRY--PERSONAL NAME
Personal name Kurkin A I
700 ## - ADDED ENTRY--PERSONAL NAME
Personal name Saburov V Yu
700 ## - ADDED ENTRY--PERSONAL NAME
Personal name Volfson S I
942 ## - ADDED ENTRY ELEMENTS (KOHA)
Koha item type Journals
Holdings
Withdrawn status Lost status Damaged status Not for loan Home library Current library Shelving location Date acquired Serial Enumeration / chronology Koha item type
      Journals RRII Library RRII Library Rubber chemistry 17/12/2021 Volume 29, Issue 1 Journals